El régimen económico-matrimonial legal en Europa
Furkejuvvon:
| Váldodahkki: | |
|---|---|
| Materiálatiipa: | Girji |
| Giella: | espánnjágiella |
| Almmustuhtton: |
Madrid
Ilustre Colegio Nacional de Registradores de la Propiedad de España
1969
Madrid Centro de Estudios Hipotecarios 1969 |
| Fáttát: | |
| Fáddágilkorat: |
Lasit fáddágilkoriid
Eai fáddágilkorat, Lasit vuosttaš fáddágilkora!
|
MARC
| LEADER | 00000nam a2200000 a 4500 | ||
|---|---|---|---|
| 001 | UCS1193 | ||
| 003 | CL-VaPUC | ||
| 008 | 970509e19690000sp |||||||||||||||||spa|d | ||
| 082 | 0 | 4 | |a 346.016 |b FER |2 21 |
| 100 | 0 | |a Fernández Caballero, Eugenio |e author |9 385430 | |
| 245 | 1 | 3 | |a El régimen económico-matrimonial legal en Europa |
| 300 | |a 363 p | ||
| 942 | |c BK | ||
| 945 | |d 19970509 00:00:00 |a cmena | ||
| 260 | |a Madrid |b Ilustre Colegio Nacional de Registradores de la Propiedad de España |c 1969 | ||
| 260 | |a Madrid |b Centro de Estudios Hipotecarios |c 1969 | ||
| 650 | 0 | |a Derecho civil |9 255013 | |
| 650 | 0 | |a Derecho privado |9 258243 | |
| 650 | 7 | |a MATRIMONIO |2 CL-VaPUC |9 385431 | |
| 650 | 0 | |a Familias |9 255641 | |
| 650 | 7 | |a LEGISLACION |2 CL-VaPUC |9 385432 | |
| 650 | 0 | |a Regímenes matrimoniales |9 357525 | |
| 650 | 0 | |a Derecho comparado |9 255664 | |
| 650 | 0 | |a Derecho alemán |9 385144 | |
| 650 | 7 | |a DERECHO HOLANDES |2 CL-VaPUC |9 385433 | |
| 650 | 0 | |a Derecho francés |9 385145 | |
| 650 | 7 | |a DERECHO BELGA |2 CL-VaPUC |9 385434 | |
| 650 | 0 | |a Derecho italiano |9 385337 | |
| 650 | 7 | |a DERECHO ANGLOSAJON |2 CL-VaPUC |9 385435 | |
| 650 | 0 | |a Divorcio |9 256204 | |
| 650 | 7 | |a NULIDAD DEL MATRIMONIO |2 CL-VaPUC |9 385436 | |
| 650 | 0 | |a Código civil |9 256135 | |
| 651 | 0 | |a Europa |9 255156 | |
| 583 | |a last modification |c 20171017 06:37:33 |k Rodrigo Vera | ||
| 999 | |c 259295 |d 259293 | ||
| 952 | |0 0 |1 0 |4 0 |6 346_016000000000000_FER_1969_1969 |7 0 |8 A |9 283948 |a BIBDER |b BIBDER |d 2019-11-19 |i 1849174 |o 346.016 FER 1969 1969 |p 1849174 |r 2023-01-25 |w 2019-11-19 |y BK |k DER | ||